000 00621cam a2200181 i 4500
005 20251124122923.0
008 250721s2007 le gr 000 0 ara d
082 1 4 _a211.61
_bح م و
100 1 _aحمود، خضر موسى محمد
_eمؤلف.
245 1 0 _aقد التحقيقية في آيات الله العلية /
_cتأليف خضر موسى حمود.
250 _aالطبعة الأولى.
264 3 1 _aعمان :
_bعالم الكتب،
_c2007.
300 _a165صفحة.
650 1 7 _aالقرآن الكريم.
650 1 7 _aنحو القرآن.
942 _2ddc
_cBK
999 _c107036
_d107036